LDR 00734naa#a2200205#i#450# 001 EN\INFRA-M\bibl\122544 005 20260517063844.7 011 ## _a2306-1731 100 ## _a20260331b2026####ek#y0engy0150####ca 102 ## _aRU 200 1# _aPersonal Determinants of Volunteer Engagement _eJournal article 210 1# _aMoscow _cINFRA-M Academic Publishing LLC. _d2026 215 ## _a5 с. 608 ## _aJournal article _2local 675 ## _aОрганизация высшего образования. Организация работы высшего учебного заведения. 378.1 _z 700 #1 _aIshkova _gE. V. 700 #1 _aShmeleva _gS. V. 700 #1 _aArtemyeva _gS. I. 700 #1 _aBelyakova _gNatalya Vladimirovna 856 4# _anaukaru.ru _u